| 000 | 00684cab a22001695a 4500 | ||
|---|---|---|---|
| 001 | L144444 | ||
| 008 | 080721s2008 xxko 000 0 eng d | ||
| 035 | _a(Sirsi) u144444 | ||
| 041 | 0 | _aeng | |
| 100 | 1 | _aHaslam, Luke | |
| 245 | 0 | 4 | _aThe single farm payment and the rural estate agent |
| 260 | _c2008 | ||
| 490 |
_aThe Estate Agent _vJuly 2008 30-31(2) |
||
| 520 | _aProvides background on the Single Payment Scheme (SPS); a list of those likely to come into contact with the scheme; advice on valuations under the scheme and a section on the basic paperwork involved. | ||
| 690 | _aPROPERTY-RURAL AND NATURAL ASSETS-RURAL AND NATURAL ASSET VALUATION AND APPRAISAL | ||
| 942 | _n0 | ||
| 999 |
_c80465 _d80465 |
||